[Event "Ruhrgebiet Verbandsklasse Gruppe 3 1819"]
[Site "Nordrheinwestfalen"]
[Date "2019.03.24"]
[Round "8.3"]
[White "Reininghaus, Dennis"]
[Black "Borgs, Martin"]
[Result "1/2-1/2"]
[WhiteElo "1742"]
[BlackElo "1969"]
[PlyCount "30"]
[EventDate "2018.09.23"]
[EventType "team-tourn"]
[EventRounds "9"]
[EventCountry "GER"]
[SourceTitle "EXT 2022"]
[Source "ChessBase"]
[SourceDate "2021.10.06"]
[SourceVersion "1"]
[SourceVersionDate "2021.10.06"]
[SourceQuality "1"]
[WhiteTeam "Unna SV"]
[BlackTeam "Kirchhellen SF"]
[WhiteTeamCountry "GER"]
[BlackTeamCountry "GER"]

1. d4 Nf6 2. Nf3 e6 3. e3 b6 4. Bd3 Bb7 5. b3 d5 6. Bb2 Bd6 7. Nbd2 0-0 8. 0-0 Nbd7 9. Ne5 Qe7 10. a4 Ne4 11. f4 f5 12. Bxe4 fxe4 13. a5 a6 14. Qe2 Rac8 15. Rfc1 Rfd8 1/2-1/2

[Event "Ruhrgebiet Verbandsklasse Gruppe 2 1718"]
[Site "Germany"]
[Date "2018.04.29"]
[Round "9.3"]
[White "Funke, Eckhard"]
[Black "Borgs, Martin"]
[Result "1/2-1/2"]
[WhiteElo "1833"]
[BlackElo "1969"]
[PlyCount "35"]
[EventDate "2017.09.17"]
[EventType "team-tourn"]
[EventRounds "9"]
[EventCountry "GER"]
[SourceTitle "EXT 2022"]
[Source "ChessBase"]
[SourceDate "2021.10.06"]
[SourceVersion "1"]
[SourceVersionDate "2021.10.06"]
[SourceQuality "1"]
[WhiteTeam "Guennigfeld SV"]
[BlackTeam "Kirchhellen SF"]
[WhiteTeamCountry "GER"]
[BlackTeamCountry "GER"]

1. d4 Nf6 2. c4 e6 3. Nc3 d5 4. Bg5 Nbd7 5. cxd5 exd5 6. e3 c6 7. Qc2 Be7 8. Bd3 0-0 9. Nf3 Re8 10. 0-0 h6 11. Bh4 Nh5 12. Bxe7 Qxe7 13. Bf5 Nhf6 14. Rab1 Nb6 15. Bxc8 Raxc8 16. Nd2 Qd6 17. h3 Re7 18. Na4 1/2-1/2

[Event "Ruhrgebiet Verbandsklasse Gruppe 2 1718"]
[Site "Germany"]
[Date "2018.03.18"]
[Round "8.3"]
[White "Borgs, Martin"]
[Black "Jedner, Volker"]
[Result "1/2-1/2"]
[WhiteElo "1975"]
[BlackElo "1832"]
[PlyCount "41"]
[EventDate "2017.09.17"]
[EventType "team-tourn"]
[EventRounds "9"]
[EventCountry "GER"]
[SourceTitle "EXT 2022"]
[Source "ChessBase"]
[SourceDate "2021.10.06"]
[SourceVersion "1"]
[SourceVersionDate "2021.10.06"]
[SourceQuality "1"]
[WhiteTeam "Kirchhellen SF"]
[BlackTeam "Hoentrop SG"]
[WhiteTeamCountry "GER"]
[BlackTeamCountry "GER"]

1. d4 d5 2. Bf4 Nf6 3. e3 e6 4. Nf3 Bd6 5. Bg5 0-0 6. Bd3 c5 7. c3 Nbd7 8. Nbd2 Qc7 9. 0-0 b6 10. Qe2 Bb7 11. Rac1 Ne4 12. Bh4 e5 13. dxe5 Nxe5 14. Nxe5 Nxd2 15. Qxd2 Bxe5 16. Bg3 Bxg3 17. hxg3 Qc6 18. Be2 d4 19. Bf3 dxc3 20. Qxc3 Qc7 21. Rfd1 1/2-1/2

[Event "Ruhrgebiet Verbandsliga Gruppe 2 1617"]
[Site "Germany"]
[Date "2017.03.12"]
[Round "8.4"]
[White "Borgs, Martin"]
[Black "Boehle, Lars"]
[Result "1/2-1/2"]
[WhiteElo "1954"]
[BlackElo "2119"]
[PlyCount "35"]
[EventDate "2016.09.04"]
[EventType "team-tourn"]
[EventRounds "9"]
[EventCountry "GER"]
[SourceTitle "EXT 2022"]
[Source "ChessBase"]
[SourceDate "2021.10.06"]
[SourceVersion "1"]
[SourceVersionDate "2021.10.06"]
[SourceQuality "1"]
[WhiteTeam "Kirchhellen SF"]
[BlackTeam "Bochum SG III"]
[WhiteTeamCountry "GER"]
[BlackTeamCountry "GER"]

1. d4 Nf6 2. Nf3 g6 3. c4 c5 4. Nc3 cxd4 5. Nxd4 Nc6 6. g3 d6 7. Bg2 Bd7 8. 0-0 Bg7 9. Re1 0-0 10. h3 Qc8 11. Nxc6 bxc6 12. Kh2 Rb8 13. Qd3 Be6 14. b3 Nd7 15. Be3 a5 16. Rac1 Qa6 17. Na4 c5 18. Nc3 1/2-1/2

[Event "Ruhrgebiet Verbandsliga Gruppe 2 1617"]
[Site "Germany"]
[Date "2016.12.18"]
[Round "5.4"]
[White "Borgs, Martin"]
[Black "Wagner, Norbert"]
[Result "1/2-1/2"]
[WhiteElo "1954"]
[BlackElo "2059"]
[PlyCount "31"]
[EventDate "2016.09.04"]
[EventType "team-tourn"]
[EventRounds "9"]
[EventCountry "GER"]
[SourceTitle "EXT 2022"]
[Source "ChessBase"]
[SourceDate "2021.10.06"]
[SourceVersion "1"]
[SourceVersionDate "2021.10.06"]
[SourceQuality "1"]
[WhiteTeam "Kirchhellen SF"]
[BlackTeam "Brambauer"]
[WhiteTeamCountry "GER"]
[BlackTeamCountry "GER"]

1. d4 f5 2. c4 g6 3. g3 Bg7 4. Bg2 c6 5. Nc3 Nh6 6. Nf3 Nf7 7. 0-0 d6 8. b3 0-0 9. Qc2 e5 10. dxe5 dxe5 11. Rd1 Qf6 12. Bb2 Na6 13. a3 Be6 14. e3 g5 15. Ne2 Qh6 16. h4 1/2-1/2

[Event "Ruhrgebiet Verbandsliga Gruppe 2 1617"]
[Site "Germany"]
[Date "2016.09.04"]
[Round "1.4"]
[White "Borgs, Martin"]
[Black "Berg, Dietmar"]
[Result "1/2-1/2"]
[WhiteElo "1954"]
[BlackElo "1997"]
[PlyCount "37"]
[EventDate "2016.09.04"]
[EventType "team-tourn"]
[EventRounds "9"]
[EventCountry "GER"]
[SourceTitle "EXT 2022"]
[Source "ChessBase"]
[SourceDate "2021.10.06"]
[SourceVersion "1"]
[SourceVersionDate "2021.10.06"]
[SourceQuality "1"]
[WhiteTeam "Kirchhellen SF"]
[BlackTeam "Gladbeck SG"]
[WhiteTeamCountry "GER"]
[BlackTeamCountry "GER"]

1. d4 Nf6 2. c4 e6 3. Nf3 Bb4+ 4. Bd2 Qe7 5. a3 Bxd2+ 6. Qxd2 b6 7. e3 Bb7 8. Be2 Ne4 9. Qc2 d6 10. Nc3 Nxc3 11. Qxc3 Nd7 12. 0-0 0-0 13. Rfd1 a5 14. b4 Rfc8 15. Ne1 Nf6 16. Bf3 Bxf3 17. Nxf3 Qe8 18. Qc2 Ra7 19. h3 1/2-1/2

[Event "Ruhrgebiet Verbandsklasse Gruppe 3 1516"]
[Site "Germany"]
[Date "2016.03.20"]
[Round "8.4"]
[White "Hinkmann, Jens"]
[Black "Borgs, Martin"]
[Result "1/2-1/2"]
[WhiteElo "2012"]
[BlackElo "1968"]
[PlyCount "110"]
[EventDate "2015.09.06"]
[EventType "team-tourn"]
[EventRounds "9"]
[EventCountry "GER"]
[SourceTitle "EXT 2022"]
[Source "ChessBase"]
[SourceDate "2021.10.06"]
[SourceVersion "1"]
[SourceVersionDate "2021.10.06"]
[SourceQuality "1"]
[WhiteTeam "Bochum SV II"]
[BlackTeam "Kirchhellen SF"]
[WhiteTeamCountry "GER"]
[BlackTeamCountry "GER"]

1. e4 c5 2. Nc3 e6 3. g3 d6 4. Bg2 Nf6 5. d3 Be7 6. f4 Nc6 7. Nf3 Qc7 8. 0-0 a6 9. a4 Rb8 10. Kh1 0-0 11. Be3 b5 12. axb5 axb5 13. h3 b4 14. Ne2 h5 15. Ng5 Bd7 16. Qd2 Rfd8 17. Bf3 g6 18. Rg1 Kg7 19. Kg2 Rh8 20. Raf1 Nh7 21. Nxh7 Rxh7 22. g4 hxg4 23. hxg4 Rbh8 24. Rh1 Qd8 25. Qc1 Rxh1 26. Rxh1 Rxh1 27. Qxh1 Qh8 28. Qxh8+ Kxh8 29. d4 cxd4 30. Nxd4 Nxd4 31. Bxd4+ Kg8 32. Bb6 Bc6 33. b3 Kf8 34. Ba5 d5 35. exd5 exd5 36. Bb6 Ke8 37. Kf2 Kd7 38. Ke3 f5 39. gxf5 gxf5 40. Be2 Kd6 41. Bd4 Be8 42. Bd3 Bd7 43. Be5+ Kc6 44. Bg7 Bc5+ 45. Kf3 Be7 46. Kg3 Kd6 47. Kh3 Ke6 48. Be5 Be8 49. Kg3 Bc6 50. Ba6 Bd7 51. Kf3 Bc5 52. Ke2 Bd6 53. Bxd6 Kxd6 54. Kd3 Kc5 55. Bb7 d4 1/2-1/2

[Event "Ruhrgebiet Verbandsklasse Gruppe 3 1516"]
[Site "Germany"]
[Date "2016.01.24"]
[Round "6.4"]
[White "Herrmann, Uwe"]
[Black "Borgs, Martin"]
[Result "1/2-1/2"]
[WhiteElo "1916"]
[BlackElo "1968"]
[PlyCount "34"]
[EventDate "2015.09.06"]
[EventType "team-tourn"]
[EventRounds "9"]
[EventCountry "GER"]
[SourceTitle "EXT 2022"]
[Source "ChessBase"]
[SourceDate "2021.10.06"]
[SourceVersion "1"]
[SourceVersionDate "2021.10.06"]
[SourceQuality "1"]
[WhiteTeam "Annen Sport Union"]
[BlackTeam "Kirchhellen SF"]
[WhiteTeamCountry "GER"]
[BlackTeamCountry "GER"]

1. d4 Nf6 2. c4 e6 3. Nf3 d5 4. Nc3 Nbd7 5. Bf4 c6 6. cxd5 exd5 7. e3 Be7 8. h3 0-0 9. Bd3 Re8 10. 0-0 Nf8 11. Rc1 Ng6 12. Bg5 Ne4 13. Bxe4 Bxg5 14. Bxg6 hxg6 15. Nxg5 Qxg5 16. Qf3 Bf5 17. Ne2 Bd3 1/2-1/2

[Event "Ruhrgebiet Verbandsliga Gruppe 1 1415"]
[Site "Germany"]
[Date "2015.03.29"]
[Round "8.3"]
[White "Evertz, Dieter"]
[Black "Borgs, Martin"]
[Result "1-0"]
[WhiteElo "2028"]
[BlackElo "1965"]
[PlyCount "87"]
[EventDate "2014.09.21"]
[EventType "team-tourn"]
[EventRounds "9"]
[EventCountry "GER"]
[SourceTitle "EXT 2022"]
[Source "ChessBase"]
[SourceDate "2021.10.06"]
[SourceVersion "1"]
[SourceVersionDate "2021.10.06"]
[SourceQuality "1"]
[WhiteTeam "Herne Sodingen II"]
[BlackTeam "Kirchhellen SF"]
[WhiteTeamCountry "GER"]
[BlackTeamCountry "GER"]

1. c4 Nf6 2. d4 e6 3. Bg5 d5 4. e3 c6 5. Nc3 Nbd7 6. a3 Be7 7. Nf3 0-0 8. Bd3 b6 9. b4 dxc4 10. Bxc4 c5 11. Ne5 Bb7 12. Nxd7 Nxd7 13. Bxe7 Qxe7 14. bxc5 bxc5 15. 0-0 Rfd8 16. Qe2 cxd4 17. exd4 Nb6 18. Bd3 Rxd4 19. Be4 Bxe4 20. Nxe4 Rad8 21. Rfc1 h6 22. h3 Nd5 23. Rc4 Nf4 24. Qc2 Qb7 25. f3 Rxc4 26. Qxc4 Qb2 27. Ra2 Qe5 28. Qc3 Rd4 29. Qc8+ Kh7 30. Qc2 f5 31. Nf2 h5 32. Rb2 Rd7 33. a4 Qd4 34. Kh2 Qe5 35. Kh1 Rc7 36. Qd2 Nd5 37. Nd3 Qd4 38. Qg5 Rc1+ 39. Qxc1 Qxd3 40. Qg5 Nf6 41. Rb7 Qd1+ 42. Kh2 Qd6+ 43. f4 Qf8 44. Rxa7 1-0

[Event "Ruhrgebiet Verbandsliga Gruppe 1 1415"]
[Site "Germany"]
[Date "2014.09.21"]
[Round "1"]
[White "Mancic, Ivan"]
[Black "Borgs, Martin"]
[Result "1/2-1/2"]
[WhiteElo "2039"]
[BlackElo "1993"]
[PlyCount "40"]
[EventDate "2014.09.21"]
[EventType "team-tourn"]
[EventRounds "9"]
[EventCountry "GER"]
[SourceTitle "EXT 2022"]
[Source "ChessBase"]
[SourceDate "2021.10.06"]
[SourceVersion "1"]
[SourceVersionDate "2021.10.06"]
[SourceQuality "1"]
[WhiteTeam "Gladbeck SG"]
[BlackTeam "Kirchhellen SF"]
[WhiteTeamCountry "GER"]
[BlackTeamCountry "GER"]

1. d4 Nf6 2. c4 e6 3. g3 d5 4. Bg2 Be7 5. Nf3 0-0 6. 0-0 b6 7. Nc3 Bb7 8. Ne5 c6 9. Qa4 a6 10. Qc2 Nbd7 11. cxd5 cxd5 12. Bf4 Rc8 13. Qd3 Nxe5 14. Bxe5 Nd7 15. Bf4 Nf6 16. Rac1 Qd7 17. Rfd1 Rfd8 18. h3 b5 19. a3 Rc4 20. Bg5 Rdc8 1/2-1/2

[Event "NRW Verbandsklasse Group2 1314"]
[Site "Nordrheinwestfalen"]
[Date "2013.11.24"]
[Round "4"]
[White "Borgs, Martin"]
[Black "Kiryk, Ralf"]
[Result "1-0"]
[WhiteElo "1975"]
[BlackElo "1914"]
[PlyCount "56"]
[EventDate "2013.09.08"]
[EventType "team-tourn"]
[EventRounds "9"]
[EventCountry "GER"]
[SourceTitle "EXT 2020"]
[Source "ChessBase"]
[SourceDate "2019.10.17"]
[SourceVersion "1"]
[SourceVersionDate "2019.10.17"]
[SourceQuality "1"]
[WhiteTeam "Kirchhellen SF"]
[BlackTeam "Horst Emscher II"]
[WhiteTeamCountry "GER"]
[BlackTeamCountry "GER"]

1. d4 Nf6 2. Nf3 e6 3. c4 c5 4. g3 cxd4 5. Nxd4 Nc6 6. Bg2 Nxd4 7. Qxd4 Qa5+ 8. Nc3 a6 9. Be3 Be7 10. c5 Qc7 11. Rd1 e5 12. Qb4 0-0 13. 0-0 Rd8 14. Nd5 Nxd5 15. Rxd5 Re8 16. Rfd1 Bf8 17. Qd2 Rb8 18. Bh3 Re7 19. b4 Qc6 20. Bxd7 Bxd7 21. Rxd7 Re6 22. a3 Qb5 23. Qd3 Qxd3 24. R1xd3 h6 25. Rc7 Re7 26. Rdd7 Rxd7 27. Rxd7 f6 28. f4 e4 1-0

[Event "NRW Verbandsklasse Group2 1314"]
[Site "Nordrheinwestfalen"]
[Date "2013.11.03"]
[Round "3.3"]
[White "Sharma, Danesh"]
[Black "Borgs, Martin"]
[Result "1/2-1/2"]
[WhiteElo "1857"]
[BlackElo "1975"]
[PlyCount "129"]
[EventDate "2013.09.08"]
[EventType "team-tourn"]
[EventRounds "9"]
[EventCountry "GER"]
[SourceTitle "EXT 2020"]
[Source "ChessBase"]
[SourceDate "2019.10.17"]
[SourceVersion "1"]
[SourceVersionDate "2019.10.17"]
[SourceQuality "1"]
[WhiteTeam "Welper SV II"]
[BlackTeam "Kirchhellen SF"]
[WhiteTeamCountry "GER"]
[BlackTeamCountry "GER"]

1. e4 c5 2. c3 d5 3. exd5 Qxd5 4. d4 Nf6 5. Nf3 e6 6. Bd3 cxd4 7. cxd4 Nc6 8. 0-0 a6 9. Re1 Be7 10. Bf4 0-0 11. Nc3 Qd8 12. Rc1 Nb4 13. Bb1 b5 14. a3 Nbd5 15. Nxd5 Nxd5 16. Qd3 g6 17. Bh6 Re8 18. Ne5 Bf8 19. Bxf8 Rxf8 20. Ng4 Bb7 21. Qg3 Qg5 22. Be4 h5 23. Ne5 Qxg3 24. hxg3 Rad8 25. Bxd5 Bxd5 26. Rc7 Ba2 27. Nd7 Rc8 28. Rec1 Rxc7 29. Rxc7 Rd8 30. Kf1 Bd5 31. f3 g5 32. Ke2 h4 33. gxh4 gxh4 34. Ke3 Bc6 35. Rxc6 Rxd7 36. Rxa6 Rd5 37. a4 bxa4 38. Rxa4 Rg5 39. Kf2 Kf8 40. b4 Rb5 41. Ke3 Rg5 42. Ra2 Ke7 43. Rb2 Kd6 44. Kd3 Kc6 45. Kc4 Kb6 46. Re2 Kc6 47. Ra2 Kb6 48. Rd2 Kc6 49. Re2 Kb6 50. Re4 Rxg2 51. Rxh4 Rc2+ 52. Kd3 Rf2 53. Ke3 Rb2 54. Rh7 Rxb4 55. Rxf7 Kc6 56. Ke4 Rb5 57. Ra7 Kd6 58. Ra6+ Ke7 59. Rc6 Rb1 60. Rc3 Kd6 61. Re3 Ra1 62. Kf4 Rd1 63. Ke4 Ra1 64. Rd3 Re1+ 65. Re3 1/2-1/2

[Event "NRW Verbandsklasse Group2 1314"]
[Site "Nordrheinwestfalen"]
[Date "2013.10.13"]
[Round "2.3"]
[White "Borgs, Martin"]
[Black "Deckert, Frank"]
[Result "1-0"]
[WhiteElo "1975"]
[BlackElo "1900"]
[PlyCount "53"]
[EventDate "2013.09.08"]
[EventType "team-tourn"]
[EventRounds "9"]
[EventCountry "GER"]
[SourceTitle "EXT 2020"]
[Source "ChessBase"]
[SourceDate "2019.10.17"]
[SourceVersion "1"]
[SourceVersionDate "2019.10.17"]
[SourceQuality "1"]
[WhiteTeam "Kirchhellen SF"]
[BlackTeam "Doppelbauer Brambauer II"]
[WhiteTeamCountry "GER"]
[BlackTeamCountry "GER"]

1. d4 c6 2. c4 d5 3. cxd5 cxd5 4. Nc3 Nc6 5. Nf3 Nf6 6. Bf4 a6 7. e3 e6 8. Bd3 Bd6 9. Bg5 h6 10. Bh4 Bd7 11. Nd2 Rc8 12. f4 Qb6 13. Nb3 Be7 14. 0-0 Na5 15. Nxa5 Qxa5 16. a3 Qb6 17. Qe2 Ng8 18. Bf2 Bf6 19. f5 Ne7 20. fxe6 Bxe6 21. Na4 Qa7 22. Rac1 0-0 23. Nc5 Rfd8 24. Bg3 Nc6 25. Nxe6 fxe6 26. Qg4 Kf7 27. Qg6+ 1-0

[Event "Ruhrgebiet VK2 1213"]
[Site "Nordrheinwestfalen"]
[Date "2013.02.24"]
[Round "7"]
[White "Grube, Joerg"]
[Black "Borgs, Martin"]
[Result "1-0"]
[WhiteElo "1789"]
[BlackElo "1974"]
[PlyCount "73"]
[EventDate "2012.09.02"]
[EventType "team-tourn"]
[EventRounds "9"]
[EventCountry "GER"]
[SourceTitle "EXT 2020"]
[Source "ChessBase"]
[SourceDate "2019.10.17"]
[SourceVersion "1"]
[SourceVersionDate "2019.10.17"]
[SourceQuality "1"]
[WhiteTeam "Dortmund FS 98 II"]
[BlackTeam "Kirchhellen SF"]
[WhiteTeamCountry "GER"]
[BlackTeamCountry "GER"]

1. e4 c5 2. Nf3 e6 3. d4 cxd4 4. Nxd4 a6 5. Nc3 Qc7 6. Bd3 Nf6 7. f4 d6 8. 0-0 Nbd7 9. Be3 Be7 10. g4 Nb6 11. g5 Nfd7 12. f5 Ne5 13. fxe6 Bxe6 14. Nxe6 fxe6 15. Qh5+ g6 16. Qh3 Nbc4 17. Bd4 Nxb2 18. Qxe6 Qc8 19. Qb3 Nbxd3 20. cxd3 Rf8 21. Rxf8+ Bxf8 22. Bxe5 dxe5 23. Rf1 Qg4+ 24. Kh1 0-0-0 25. Rf7 Be7 26. Nd5 Rxd5 27. exd5 Qe2 28. Qc4+ Kb8 29. h4 Bd6 30. Rf6 Qe1+ 31. Kg2 e4 32. Qxe4 Qg3+ 33. Kf1 Qh3+ 34. Ke2 Qh2+ 35. Rf2 Qg1 36. Qe8+ Ka7 37. Qe3+ 1-0

[Event "Ruhrgebiet VK2 1213"]
[Site "Nordrheinwestfalen"]
[Date "2013.01.13"]
[Round "5"]
[White "Borgs, Martin"]
[Black "Laarmann, Gerd"]
[Result "1-0"]
[WhiteElo "1974"]
[BlackElo "1917"]
[PlyCount "46"]
[EventDate "2012.09.02"]
[EventType "team-tourn"]
[EventRounds "9"]
[EventCountry "GER"]
[SourceTitle "EXT 2020"]
[Source "ChessBase"]
[SourceDate "2019.10.17"]
[SourceVersion "1"]
[SourceVersionDate "2019.10.17"]
[SourceQuality "1"]
[WhiteTeam "Kirchhellen SF"]
[BlackTeam "Rochade Steele/Kray"]
[WhiteTeamCountry "GER"]
[BlackTeamCountry "GER"]

1. d4 Nf6 2. Nf3 d6 3. c4 g6 4. Nc3 Bg7 5. e4 Nbd7 6. Be2 e5 7. Bg5 c6 8. 0-0 0-0 9. Qd2 Re8 10. d5 c5 11. h3 a6 12. Nh2 Qe7 13. Bd3 Qf8 14. Ne2 h6 15. Be3 Kh7 16. f3 Qe7 17. Ng3 Nf8 18. h4 Ng8 19. h5 g5 20. Ng4 Bd7 21. Bf2 Reb8 22. Ne3 Qf6 23. Ngf5 Ne7 1-0

[Event "Ruhrgebiet VK2 1213"]
[Site "Nordrheinwestfalen"]
[Date "2012.10.28"]
[Round "3.3"]
[White "Borgs, Martin"]
[Black "Jeschke, Holger"]
[Result "1-0"]
[WhiteElo "1974"]
[BlackElo "1841"]
[PlyCount "69"]
[EventDate "2012.09.02"]
[EventType "team-tourn"]
[EventRounds "9"]
[EventCountry "GER"]
[SourceTitle "EXT 2020"]
[Source "ChessBase"]
[SourceDate "2019.10.17"]
[SourceVersion "1"]
[SourceVersionDate "2019.10.17"]
[SourceQuality "1"]
[WhiteTeam "Kirchhellen SF"]
[BlackTeam "Annen Sport Union"]
[WhiteTeamCountry "GER"]
[BlackTeamCountry "GER"]

1. d4 Nf6 2. Nf3 g6 3. c4 c5 4. Nc3 cxd4 5. Nxd4 Nc6 6. e4 Bg7 7. Be3 0-0 8. Be2 d6 9. 0-0 Bd7 10. f3 Ne8 11. Qd2 Qc8 12. Nd5 Qd8 13. Rfd1 Nxd4 14. Bxd4 Bxd4+ 15. Qxd4 Ng7 16. Rd2 Bc6 17. Rc1 Ne6 18. Qe3 Nc7 19. a3 b6 20. b4 Rc8 21. Rdc2 e6 22. Nxc7 Rxc7 23. Rd2 Qe7 24. Bd1 Rfc8 25. Bb3 Bb7 26. Rcd1 Rd8 27. e5 d5 28. cxd5 exd5 29. Bxd5 Bxd5 30. Rxd5 Rxd5 31. Rxd5 Kg7 32. h3 Rc2 33. Qd4 Rc1+ 34. Kh2 Qc7 35. Rd7 1-0

[Event "Ruhrgebiet VK3 1112"]
[Site "Nordrheinwestfalen"]
[Date "2012.03.25"]
[Round "8"]
[White "Borgs, Martin"]
[Black "Landscheidt, Heinz"]
[Result "1/2-1/2"]
[WhiteElo "1960"]
[BlackElo "1946"]
[PlyCount "39"]
[EventDate "2012.09.18"]
[EventType "team-tourn"]
[EventRounds "9"]
[EventCountry "GER"]
[SourceTitle "EXT 2020"]
[Source "ChessBase"]
[SourceDate "2019.10.17"]
[SourceVersion "1"]
[SourceVersionDate "2019.10.17"]
[SourceQuality "1"]
[WhiteTeam "Kirchhellen SF"]
[BlackTeam "Wacker Bergeborbeck"]
[WhiteTeamCountry "GER"]
[BlackTeamCountry "GER"]

1. d4 Nf6 2. Nf3 c5 3. c4 e6 4. g3 cxd4 5. Nxd4 Nc6 6. Bg2 Bb4+ 7. Bd2 Qe7 8. Nxc6 bxc6 9. 0-0 0-0 10. Qc2 d5 11. a3 Bxd2 12. Nxd2 Bb7 13. b4 a5 14. Qc3 axb4 15. axb4 dxc4 16. Qxc4 Nd5 17. Ne4 Qxb4 18. Qxb4 Nxb4 19. Rab1 e5 20. Nc5 1/2-1/2

[Event "Ruhrgebiet VK3 1112"]
[Site "Nordrheinwestfalen"]
[Date "2012.03.04"]
[Round "7"]
[White "Stopschinski, Damian"]
[Black "Borgs, Martin"]
[Result "0-1"]
[WhiteElo "1744"]
[BlackElo "1960"]
[PlyCount "98"]
[EventDate "2012.09.18"]
[EventType "team-tourn"]
[EventRounds "9"]
[EventCountry "GER"]
[SourceTitle "EXT 2020"]
[Source "ChessBase"]
[SourceDate "2019.10.17"]
[SourceVersion "1"]
[SourceVersionDate "2019.10.17"]
[SourceQuality "1"]
[WhiteTeam "Germania Kupferdreh"]
[BlackTeam "Kirchhellen SF"]
[WhiteTeamCountry "GER"]
[BlackTeamCountry "GER"]

1. e4 c5 2. Nf3 e6 3. d4 cxd4 4. Nxd4 a6 5. Nc3 Qc7 6. Bd3 Nf6 7. 0-0 d6 8. Bg5 Nbd7 9. Qe2 Be7 10. Kh1 0-0 11. f4 b5 12. Rae1 b4 13. Nd1 Nc5 14. Nf2 Bb7 15. e5 Nd5 16. Qg4 Bxg5 17. Qxg5 dxe5 18. fxe5 Qe7 19. Qh5 Nxd3 20. Nxd3 Rfd8 21. Nf3 h6 22. Re4 f5 23. Rh4 Ne3 24. Rg1 Nxc2 25. Nf4 Qf7 26. Ng6 Bxf3 27. gxf3 Kh7 28. Qg5 Rd4 29. Nf4 Ra7 30. Qg2 Rc7 31. Ng6 Rxh4 32. Nxh4 Ne3 33. Qe2 Qh5 34. Ng2 Nxg2 35. Qxg2 f4 36. Rd1 Qxe5 37. Qd2 Qe3 38. Qg2 Rc1 39. Rf1 Rxf1+ 40. Qxf1 a5 41. Qb1+ Kg8 42. Qd1 a4 43. Kg2 b3 44. a3 Qc5 45. Qd7 Qc4 46. Qe8+ Kh7 47. Qf7 Qc2+ 48. Kg1 Qxb2 49. Qxe6 Qc2 0-1

[Event "Ruhrgebiet VK3 1112"]
[Site "Nordrheinwestfalen"]
[Date "2012.01.08"]
[Round "5"]
[White "Borgs, Martin"]
[Black "Wittmann, Rainer"]
[Result "0-1"]
[WhiteElo "1960"]
[BlackElo "2027"]
[PlyCount "79"]
[EventDate "2012.09.18"]
[EventType "team-tourn"]
[EventRounds "9"]
[EventCountry "GER"]
[SourceTitle "EXT 2020"]
[Source "ChessBase"]
[SourceDate "2019.10.17"]
[SourceVersion "1"]
[SourceVersionDate "2019.10.17"]
[SourceQuality "1"]
[WhiteTeam "Kirchhellen SF"]
[BlackTeam "Dortmund SV"]
[WhiteTeamCountry "GER"]
[BlackTeamCountry "GER"]

1. d4 g6 2. Nf3 Bg7 3. c4 d6 4. Nc3 Nd7 5. e4 e5 6. Be2 Nh6 7. dxe5 dxe5 8. Bg5 f6 9. Bd2 0-0 10. Qc2 c6 11. 0-0 Qe7 12. a3 Rd8 13. b4 Nf8 14. Rfd1 Be6 15. Be3 b6 16. h3 Nf7 17. c5 b5 18. a4 a6 19. Rxd8 Qxd8 20. axb5 axb5 21. Rxa8 Qxa8 22. Qb2 h6 23. Nd2 Nd8 24. Nb3 Nb7 25. Qa1 Qxa1+ 26. Nxa1 Nd7 27. Nxb5 cxb5 28. c6 Nd6 29. cxd7 Bxd7 30. Bd3 f5 31. f3 Bc6 32. Nc2 fxe4 33. fxe4 Bxe4 34. Bxe4 Nxe4 35. Kf1 Kf7 36. Ke2 Ke6 37. Kd3 Nd6 38. Bc5 Nc4 39. Ke4 h5 40. Ne3 0-1

[Event "Ruhrgebiet VK3 1112"]
[Site "Nordrheinwestfalen"]
[Date "2011.10.09"]
[Round "2"]
[White "Abramowski, Uwe"]
[Black "Borgs, Martin"]
[Result "0-1"]
[WhiteElo "1738"]
[BlackElo "1960"]
[PlyCount "64"]
[EventDate "2012.09.18"]
[EventType "team-tourn"]
[EventRounds "9"]
[EventCountry "GER"]
[SourceTitle "EXT 2020"]
[Source "ChessBase"]
[SourceDate "2019.10.17"]
[SourceVersion "1"]
[SourceVersionDate "2019.10.17"]
[SourceQuality "1"]
[WhiteTeam "Ickern"]
[BlackTeam "Kirchhellen SF"]
[WhiteTeamCountry "GER"]
[BlackTeamCountry "GER"]

1. d4 Nf6 2. e3 d5 3. f4 Bf5 4. Nf3 e6 5. Be2 Be7 6. 0-0 0-0 7. Ne5 c5 8. c3 Nc6 9. Nd2 Ne4 10. Ndf3 Nxe5 11. Nxe5 f6 12. Nd3 Qc7 13. g4 Bg6 14. Rf3 c4 15. Ne1 b5 16. Ng2 f5 17. Rh3 a5 18. Qe1 b4 19. Nh4 Bxh4 20. Qxh4 bxc3 21. bxc3 Nxc3 22. Bf3 Rab8 23. gxf5 Bxf5 24. Bg4 Qf7 25. Kh1 Rb7 26. Ba3 Rfb8 27. Rg1 Rb1 28. Rxb1 Rxb1+ 29. Kg2 h6 30. Rg3 Ne4 31. Bxf5 Qxf5 32. Qd8+ Kh7 0-1

[Event "Ruhrgebiet Verbandsliga1 1011"]
[Site "Nordrheinwestfalen"]
[Date "2011.04.10"]
[Round "9.4"]
[White "Borgs, Martin"]
[Black "Imcke, Patrick"]
[Result "0-1"]
[WhiteElo "1959"]
[BlackElo "1863"]
[PlyCount "48"]
[EventDate "2011.09.12"]
[EventType "team-tourn"]
[EventRounds "9"]
[EventCountry "GER"]
[SourceTitle "EXT 2020"]
[Source "ChessBase"]
[SourceDate "2019.10.17"]
[SourceVersion "1"]
[SourceVersionDate "2019.10.17"]
[SourceQuality "1"]
[WhiteTeam "Kirchhellen SF"]
[BlackTeam "Katernberg SF III"]
[WhiteTeamCountry "GER"]
[BlackTeamCountry "GER"]

1. d4 e6 2. c4 f5 3. Nc3 Nf6 4. Nf3 Bb4 5. Qc2 b6 6. a3 Bxc3+ 7. Qxc3 Bb7 8. e3 0-0 9. Bd3 d6 10. b4 Qe7 11. Bb2 Nbd7 12. Rc1 Ne4 13. Qc2 a5 14. b5 e5 15. 0-0 Rae8 16. Nd2 Nxd2 17. Qxd2 e4 18. Be2 Qg5 19. f4 exf3 20. Bxf3 Bxf3 21. Rxf3 Nf6 22. Qd3 Ng4 23. Rcf1 Nxe3 24. Bc1 Qxg2# 0-1